000
00304nam a2200121Ia 4500
008
240624s9999 xx 000 0 und d
041
_a
eng
082
_a
658.4092 WEI
100
_a
WEINMAN JOE
245
_a
DIGITAL DISCIPLINES ATTAINING MARKET LEA
260
_c
2016
_a
New Delhi
_b
Wiley
365
_c
RS
_b
33
999
_c
26536
_d
26536